NBA Sudden Death - Statistics

General Stats
  • This quiz has been taken 61 times
  • The average score is 19 of 25
Answers on the Grid
Answers color-coded by a green-red scale on the quiz's grid according to % correct below.
Yuki Kawamura
Tyrese Maxey
Tyrese Haliburton
Tyler Toney
Tre Jones
Trae Young
Stephon Castle
Shea Weber
Shaquille O'neal
Severus Snape
Scotty Scheffler
Roald Dahl
Quentin Post
Nicolas Claxton
Mookie Betts
Michael Jordan
Marlon Humphrey
Luka Doncic
LeBron James
Lamelo Ball
Klay Thompson
Kareem Abdul-Jabbar
Jonathan Isaac
Jon Rahm
Joel Embiid
Jerami Grant
Jackie Robinson
George Washington
Freddie Freeman
Fred Warner
Dylan Larkin
Dwayne Wade
Dwayne Johnson
Drew Daughtey
Donald Trump
Dominique Wilkins
Derrick Henry
Dalvin Cook
Dale Earnhart Jr.
Cooper Flagg
Cody Jones
Cody Bellinger
Clint Capela
Clayton Kershaw
Clark Kent
Cade Cunningham
Bill Russell
Babe Ruth
Artemi Penarin
Anthony Edwards
 
Answer Stats
Answer % Correct
Indiana Pacers Tyrese Haliburton
90%
Philadelphia 76ers Tyrese Maxey
90%
Los Angelos Lakers Shaquille O'neal
88%
Washington Wizards Trae Young
88%
Los Angelos Lakers Kareem Abdul-Jabbar
86%
Los Angelos Lakers LeBron James
86%
Chicago Bulls (GOAT) Michael Jordan
86%
Los Angelos Lakers Luka Doncic
83%
Minnesota Timberwolves Anthony Edwards
81%
Boston Celtics Bill Russell
81%
Detroit Pistons Cade Cunningham
81%
Atlanta Hawks Dominique Wilkins
81%
Miami Heat Dwayne Wade
81%
Philadelphia 76ers Joel Embiid
81%
Dallas Mavericks/
Golden State Warriors
Klay Thompson
81%
Charlotte Hornets Lamelo Ball
81%
Dallas Mavericks Cooper Flagg
76%
San Antonio Spurs Stephon Castle
76%
Chicago Bulls Yuki Kawamura
64%
Chicago Bulls Tre Jones
62%
Atlanta Hawks Clint Capela
60%
Brooklyn Nets Nicolas Claxton
60%
Portland Trailblazers Jerami Grant
57%
Los Angelos Lakers Quentin Post
55%
Orlando Magic Jonathan Isaac
48%
No matching quizzes found
Score Distribution
Percent of People with Each Score
Percentile by Number Answered
Your Score History
You have not taken this quiz